| 000 | 00846nam a2200181Ia 4500 | ||
|---|---|---|---|
| 008 | 151202s9999||||xx |||||||||||||| ||und|| | ||
| 082 | _bPNVM-61225 | ||
| 100 | _aअर्ल स्टनले गार्डनर अनु. भावे अर्पणा. | ||
| 245 | _aखतरनाक खेळण (पेरी मेसन). | ||
| 260 | _bस्वप्न प्रकाशन पुणे. | ||
| 260 | _c61225 | ||
| 300 | _a250 | ||
| 600 | _aअर्ल स्टनले गार्डनर अनु. भावे अर्पणा. | ||
| 630 | _aखतरनाक खेळण (पेरी मेसन). | ||
| 700 | _aअर्ल स्टनले गार्डनर अनु. भावे अर्पणा. | ||
| 730 | _aखतरनाक खेळण (पेरी मेसन). | ||
| 942 | _cBOOK | ||
| 999 |
_c1327759 _d1327756 |
||